| 000 | 01552nam a2200385Ic 4500 | ||
|---|---|---|---|
| 001 | 58577 | ||
| 003 | CO-BoRNBP | ||
| 005 | 20250826221301.0 | ||
| 007 | ta | ||
| 008 | 210804s2017 ck ad er 000 0dspa d | ||
| 020 | _a9789587810684 | ||
| 040 |
_aCO-BoRNBP _bspa _erda _cCO-BoRNBP |
||
| 041 | 1 |
_aspa _heng |
|
| 082 | 0 | 4 |
_a307.14 _bG31r _222 |
| 100 |
_aGibson-Graham, J. K. _eaut _963574 |
||
| 245 | 1 | 0 |
_aRetomemos la economía : _buna guía ética para transformar nuestras comunidades / _cJ. K. Gibson-Graham, Jenny Cameron, Stephen Healy ; traducción de William Enrique Sánchez Amézquita, María Juliana Flórez Flórez. |
| 250 | _aPrimera edición | ||
| 264 | 1 |
_aBogotá, Colombia : _bEditorial Pontificia Universidad Javeriana, _c2017 |
|
| 300 |
_a270 páginas : _bilustraciones, graficas |
||
| 336 |
_atexto _btxt _2rdacontent |
||
| 337 |
_asin mediación _bn _2rdamedia |
||
| 338 |
_avolumen _bnc _2rdacarrier |
||
| 504 | _aIncluye referencias bibliográficas | ||
| 521 | _aRecomendado para un público adulto | ||
| 534 | _tTake back the economy an ethical guide for transforming our communities | ||
| 545 | _aIncluye datos biográficos de la autora y traductores en la solapa | ||
| 650 | 0 | 7 |
_aDesarrollo económico _2lemb |
| 650 | 0 | 7 |
_aEconomía _2lemb |
| 650 | 0 | 7 |
_aPlanificación económica _2lemb _963575 |
| 700 |
_aCameron, Jenny _eaut _963576 |
||
| 700 |
_aFlórez Flórez, María Juliana _etrl _963577 |
||
| 700 |
_aHealy, Stephen _eaut _963578 |
||
| 700 |
_aSánchez Amézquita, William Enrique _etrl _963579 |
||
| 942 |
_2ddc _cBK |
||
| 999 |
_c58577 _d58577 |
||